| 000 | 02011nam2a22003371 4500 | ||
|---|---|---|---|
| 001 | v19\rc\1193242 | ||
| 005 | 20250617212016.0 | ||
| 035 | _a(NLR Aleph) 004360802 | ||
| 090 |
_a3370749 _c3370749 |
||
| 100 | _a20060306d1857 |||y0rusy50 ca | ||
| 101 | 0 | _arus | |
| 102 | _aRU | ||
| 105 | _ay z ||||| | ||
| 135 | _acobo 008apabr | ||
| 200 | 0 |
_aЧ. 4 _h[Гл. 5-я _iФамилии дворянские, от Рюрика происшедшие _hГл. 6-я _iФамилии дворянские, внесенные в Бархатную книгу _hГл. 7-я _iФамилии дворянские, существовавшие в России прежде 1600 г.] |
|
| 210 |
_aСанкт-Петербург _cтип. III Отд. Сов. е. и. в. канцелярии _d1857 |
||
| 215 | _a482 с. | ||
| 325 | _aКопия доступна в Электрон. б-ке РНБ http://vivaldi.nlr.ru/bv000010027/view | ||
| 461 | 0 |
_1001v19\rc\1193238 _12001#$aРоссийская родословная книга, издаваемая князем Петром Долгоруковым$eЧ. 1-4$vЧ. 4$90 _1700#1$aДолгоруков$bП.В.$f1816/17-1868$gПетр Владимирович _93370702 _aДолгоруков, П.В. (1816/17-1868) _cСанкт-Петербург _d1854-1857 _nтип. К. Вингебера _oЧ. 1-4 _tРоссийская родословная книга, издаваемая князем Петром Долгоруковым _vЧ. 4$90 |
|
| 801 | 0 |
_aRU _bNLR _gpsbo |
|
| 801 | 1 |
_aRU _bProSoft-M _2rusmarc |
|
| 852 |
_aNLR _j18.56.4.36 |
||
| 852 |
_aNLR _j38.55.6.69 |
||
| 852 |
_aNLR _bМф _jК1/1091 |
||
| 942 | _cBOOK | ||
| 980 | _aNB | ||
| 980 | _aGENEAL01 | ||
| 981 | 3 | 6 | _a(36) Цифровой репозиторий РНБ |
| 981 | 2 | 2 |
_a(22) Материалы по истории России _b(22) История России до 25 октября (7 ноября) 1917 года |